| 000 | 00364nam a2200133Ia 4500 | ||
|---|---|---|---|
| 008 | 191201s1998 xx 000 0 und d | ||
| 082 |
_a677.02822 _bTEV |
||
| 100 | _aTELI, Mangesh, D | ||
| 245 | 0 | _aValuation of Productivity & Quality Cost in Spinning | |
| 260 |
_aN.Delhi _bThe Textile Association _c1998 |
||
| 300 | _a86 | ||
| 650 | _aB.Tech(TE) | ||
| 942 |
_2ddc _cBK |
||
| 999 |
_c3417 _d3417 |
||